00447 2200157 4500245005600000250001100056100002300067700002000090700002000110650002100130005001900151260008600170041001400256084001000270336000900280 aKisahku, Si Dayang BangkacNurul Luthfi AuliahText aCet. 1 aNurul Luthfi Aulia aFeri Pristiawan aRedleavesstudio aCerita Bergambar a20241003111029 aKepulauan Bangka BelitungbKantor Bahasa Provinsi Kepulauan Bangka Belitungc2022 aIndonesia a741.5 atext